Evanjelický učiteľ zprávy Spolku evanj. učiteľov na Slovensku

Podrobná bibliografia
Nový názov:Slovenský pedagóg
Médium: Časopis
Jazyk:slovenčina
Fyzický popis:8 zv. 25 cm
Vydavateľské údaje: Liptovský Mikuláš Spolok evanjelických a. v. učiteľov na Slovensku 1937-1944
Martin Školský odbor SŠVZ, oddelenie evanjelického učiteľstva
ISSN:1337-3536
Predmet:

MARC

LEADER 00000cas a22000001a 4500
001 vtls010300066
003 SK-MaSNL
005 20260228162451.0
008 110810d19371944xo mr|p 0 b0slo
022 |a 1337-3536 
040 |a SNK  |b slo  |c SNK  |e AACR2 
041 0 |a slo 
044 |a xo  |c SK 
072 7 |a 37  |x Výchova a vzdelávanie  |2 konspekt 
080 |a 37.01  |2 2011 
210 0 |a Evanj. učiteľ 
222 0 |a Evanjelický učiteľ 
245 0 0 |a Evanjelický učiteľ  |b zprávy Spolku evanj. učiteľov na Slovensku 
246 1 2 |a Evanjelický učiteľ  |b časopis Spolku evanjelických učiteľov na Slovensku 
260 |a Liptovský Mikuláš  |b Spolok evanjelických a. v. učiteľov na Slovensku  |c 1937-1944 
260 3 |3 5/1941-1944  |a Martin  |b Školský odbor SŠVZ, oddelenie evanjelického učiteľstva 
300 |a 8 zv.  |c 25 cm 
310 |a 10x ročne  |b 1939-1944 
321 |a 4x ročne  |b 1937-1938 
362 0 |a Roč. I, č. 1 (febr. 1937)-roč. VIII, č. 10 (1944) 
500 |a Podnázov sa mení 
500 |a Maj. a vyd. Spolok evanjelických a. v. učiteľov na Slovensku; od 5/1941, Školský odbor SŠVZ, oddelenie evanjelického učiteľstva 
500 |a Tlač.: Kníhtlačiareň Bratov Rázusovcov, Liptovský Mikuláš 
500 |a Mal prílohu: Hudobná príloha Evanjelického učiteľa 
500 |a Po zlúčení Sborníka Spolku profesorov Slovákov a Slovenského učiteľa, Evanjelický učiteľ pokračoval pod názvom Slovenský pedagóg 
650 0 7 |a pedagogika  |2 SNKPH  |9 955 
655 7 |a odborné časopisy  |2 SNKPH  |9 70505 
770 0 |t Hudobná príloha Evanjelického učiteľa  |w vtls010300119 
770 0 |t Stanovy Spolku ev. učiteľov na Slovensku 
785 0 0 |t Slovenský pedagóg  |w vtls010300478 
852 |a Štátna vedecká knižnica v Banskej Bystrici 
910 |a snk 
916 |a 1937-1944 
999 |c 7917  |d 9847 
952 |0 0  |1 0  |4 0  |7 0  |a SNK  |b SNK  |d 1997-05-07  |l 0  |o snkČSB 271/3/1939 D1  |p 17A0064762  |r 2005-01-02 00:00:00  |t č. 1-6  |w 2026-02-21  |y PREZ 
952 |0 0  |1 0  |4 0  |7 0  |a SNK  |b SNK  |d 1997-05-07  |f 1  |i snk1557/43  |l 0  |o snkČSB 271/3/1939  |p 17A0064736  |r 2005-01-02 00:00:00  |t č. 1-6  |w 2026-02-21  |y PREZ 
952 |0 0  |1 0  |4 0  |7 0  |a SNK  |b SNK  |d 1997-05-07  |f 1  |i snk16/41  |l 0  |o snkČSB 271/4/1939-1940  |p 17A0064761  |r 2005-01-02 00:00:00  |t č. 1-10  |w 2026-02-21  |y PREZ 
952 |0 0  |1 0  |4 0  |7 0  |a SNK  |b SNK  |d 1997-05-07  |l 0  |o snkČSB 271/4/1939-1940 D1  |p 17A0064657  |r 2005-01-02 00:00:00  |t č. 1-10  |w 2026-02-21  |y PREZ 
952 |0 0  |1 0  |4 0  |7 0  |a SNK  |b SNK  |d 1998-06-10  |f 1  |i snk941/42  |l 0  |o snkČSB 271/5/1940-1941  |p 17A0143618  |r 2005-01-02 00:00:00  |t č. 1-10  |w 2026-02-21  |y PREZ 
952 |0 0  |1 0  |4 0  |7 0  |8 5  |a SNK  |b SNK  |d 2014-02-11  |i snkF 2993/79  |l 0  |o snkČSB 271/1/1937 D1  |p 17A1024044  |r 2026-02-21 20:32:05  |t č. 1-4, neúpl.  |w 2026-02-21  |y PREZ  |z chýba č. 1 
952 |0 0  |1 0  |4 0  |7 0  |a SNK  |b SNK  |d 2014-02-11  |i snk1785/61  |l 0  |o snkČSB 271/5/1940-1941 D1  |p 17A1024045  |r 2026-02-21 20:32:15  |t č. 1-10  |w 2026-02-21  |y PREZ 
952 |0 0  |1 0  |4 0  |7 0  |a SNK  |b SNK  |d 2014-02-11  |i snk1513/42  |l 0  |o snkČSB 271/6/1941-1942 D1  |p 17A1024046  |r 2026-02-21 20:32:15  |t č. 1-10  |w 2026-02-21  |y PREZ 
952 |0 0  |1 0  |4 0  |7 0  |a SNK  |b SNK  |d 2014-02-11  |l 0  |o snkČSB 271/7/1942-1943 D1  |p 17A1024149  |r 2026-02-21 20:32:15  |t č. 1-8  |w 2026-02-21  |y PREZ 
952 |0 0  |1 0  |4 0  |7 0  |a SNK  |b SNK  |d 2014-02-11  |l 0  |o snkČSB 271/8/1943-1944 D1  |p 17A1024018  |r 2026-02-21 20:32:15  |t č. 1-10  |w 2026-02-21  |y PREZ 
952 |0 0  |1 0  |4 0  |7 0  |a SNK  |b SNK  |d 1998-06-10  |f 1  |l 0  |o snkČSB 271/6/1941-1942  |p 17A0143530  |r 2005-01-02 00:00:00  |t č. 1-10  |w 2026-02-21  |y PREZ 
952 |0 0  |1 0  |4 0  |7 0  |a SNK  |b SNK  |d 1998-06-10  |f 1  |i snk1695/43  |l 0  |o snkČSB 271/7/1942-1943  |p 17A0143619  |r 2005-01-02 00:00:00  |t č. 1-8  |w 2026-02-21  |y PREZ 
952 |0 0  |1 0  |4 0  |7 0  |a SNK  |b SNK  |d 1998-06-10  |f 1  |i snk3258/44  |l 0  |o snkČSB 271/8/1943-1944  |p 17A0143531  |r 2005-01-02 00:00:00  |t č. 1-10  |w 2026-02-21  |y PREZ 
952 |0 0  |1 0  |4 0  |7 0  |a SNK  |b SNK  |d 1998-06-10  |f 1  |i snk941/36  |l 0  |o snkČSB 271/1/1937  |p 17A0143616  |r 2005-01-02 00:00:00  |t č. 1-4  |w 2026-02-21  |y PREZ 
952 |0 0  |1 0  |4 0  |7 0  |a SNK  |b SNK  |d 2004-03-17  |f 1  |i snk1312/47  |l 0  |o snkČSB 271/2/1938  |p 17A0419681  |r 2005-01-02 00:00:00  |t č. 1-2  |w 2026-02-21  |y PREZ 
952 |0 0  |1 0  |3 Bez prír. č.  |4 0  |7 0  |a SNK  |b SNK  |d 2013-08-21  |l 0  |o snkČSB 271/2/1938 D1  |p 17A1022482  |r 2026-02-21 21:13:55  |w 2026-02-21  |y PREZ